| 000 | 00650cam a2200193u 4500 | ||
|---|---|---|---|
| 001 | 000034617 | ||
| 005 | 20200930073811.0 | ||
| 008 | 810313s2007 ck 000 0 spa | ||
| 040 |
_aDO-SdBNP _bspa _cBNPHU |
||
| 082 |
_axxxx _bR695 |
||
| 100 | 1 |
_aRodó, José Enrique, _d1871-1917 _93052 |
|
| 245 | 1 | 0 |
_aAriel / _cJosé Enrique Rodó ; prólogo de Leopoldo Alas Clarín. |
| 260 |
_aMéxico : _bPanamericana, _c2007. |
||
| 300 |
_a144 p. ; _c18 cm. |
||
| 490 | 1 | _aLetras latinoamericanas | |
| 500 | _aTercera reimpresión de la primera edición de 1995 | ||
| 700 | 1 |
_aAlas Clarín, Leopoldo _epról. _945199 |
|
| 830 | 0 |
_aLetras latinoamericanas _922732 |
|
| 999 |
_c34108 _d34108 |
||